[Event "Wch U10"]
[Site "Santiago de Compostela"]
[Date "2018.11.08"]
[Round "4"]
[White "Tripulskiy, Mark"]
[Black "Todev, Simeon"]
[Result "1/2-1/2"]
[WhiteElo "1151"]
[BlackElo "1767"]
[PlyCount "117"]
[EventDate "2018.11.04"]
[EventType "swiss"]
[EventRounds "11"]
[EventCountry "ESP"]
[SourceTitle "EXT 2022"]
[Source "ChessBase"]
[SourceDate "2021.10.06"]
[SourceVersion "1"]
[SourceVersionDate "2021.10.06"]
[SourceQuality "1"]

1. f4 e5 2. fxe5 d6 3. exd6 Bxd6 4. Nf3 g5 5. g3 h5 6. d4 g4 7. Nh4 Be7 8. Qd3 Nc6 9. c3 Bxh4 10. gxh4 Qxh4+ 11. Qg3 Qxg3+ 12. hxg3 Nf6 13. Bg2 Ne7 14. Bg5 Nd7 15. e4 f6 16. Be3 Ng6 17. Nd2 Nb6 18. 0-0-0 Bd7 19. Rdf1 Ke7 20. e5 f5 21. Bg5+ Kf7 22. Be4 Ne7 23. Bxe7 Kxe7 24. Bxf5 Raf8 25. Bxd7 Nxd7 26. Nc4 Rxf1+ 27. Rxf1 h4 28. Ne3 hxg3 29. Nf5+ Kf7 30. Nxg3+ Kg6 31. Ne4 Rf8 32. Rxf8 Nxf8 33. Kd2 Kf5 34. Ke3 Nd7 35. Ng3+ Ke6 36. Ke4 Nb6 37. Nf5 c6 38. Ne3 g3 39. Kf3 Na4 40. Nc4 b5 41. Na5 Nxb2 42. Nxc6 Nd1 43. Nxa7 Nxc3 44. Kxg3 b4 45. Kf3 Kd5 46. Nc8 Nxa2 47. Nb6+ Kc6 48. e6 Kd6 49. d5 Nc3 50. Nc4+ Ke7 51. Ne3 b3 52. Nf5+ Kd8 53. e7+ Kd7 54. e8Q+ Kxe8 55. Nd6+ Kd7 56. Nc4 Nxd5 57. Ke4 Kc6 58. Na5+ Kb5 59. Nxb3 1/2-1/2